000 00688nam a2200217Ia 4500
001 3137
003 GE_BSU
008 181216s||||||||xx |||||||||||||| ||und||
040 _cGE_BSU
080 _a658(075)
245 _aЭкономика и организация производства в дипломных проектах
245 _bУчеб.пособие для машиностроительных вузов
245 _cПод.Общ.Ред.К.М.Великанова
250 _aИзд 4-ое.Перераб.и доп.
260 _aЛ
260 _bМашиностроение
260 _c1986
300 _a285 стр.
300 _bилл.
942 _cBK
999 _c37181
_d37181